000 01445nam a22003857a 4500
003 CHAP
005 20220817042741.0
008 971013s1960 r 00010 d
010 _a54410
011 _a55382
035 _a59534
040 _cCHAP
082 _a338.1
_bA24Y
100 0 0 _aAbel, Wilhelm.
_9199
245 _aPolítica agraria
260 _aBuenos Aires :
_bAteneo,
_c1960
300 _a395 p.
_b: ilus.
590 _aBATCH-UPD
_b10
_c20130110
_lUCH01
_h1141
590 _aBATCH-UPD
_b10
_c20130410
_lUCH01
_h0727
590 _aBATCH-UPD
_b10
_c20130914
_lUCH01
_h2133
590 _aCONVERSION
_b10
_c20130109
_lUCH01
_h1329
650 1 4 _aAgricultura y Estado.
_92035
650 1 4 _aAgricultura
_xAspectos económicos.
901 _aBK
942 _cLIBRO
949 _a338.1 A24Y
_bBC
_cLIBRO
_d33724000353165
_eLIBRO
_fc.8
_i59534
_si
949 _a338.1 A24Y
_bBC
_cLIBRO
_d33724000353173
_eLIBRO
_fc.7
_i59534
_si
949 _a338.1 A24Y
_bBC
_cLIBRO
_d33724000353181
_eLIBRO
_fc.6
_i59534
_si
949 _a338.1 A24Y
_bBC
_cLIBRO
_d33724000353199
_eLIBRO
_fc.5
_i59534
_si
949 _a338.1 A24Y
_bBC
_cLIBRO
_d33724000353207
_eLIBRO
_fc.4
_i59534
_si
949 _a338.1 A24Y
_bBC
_cLIBRO
_d33724000353215
_eLIBRO
_fc.2
_i59534
_si
949 _a338.1 A24Y
_bBC
_cLIBRO
_d33724000353223
_eLIBRO
_i59534
_si
949 _a338.1 A24Y
_bBC
_cLIBRO
_d33724000353231
_eLIBRO
_fc.9
_i59534
_si
949 _a338.1 A24Y
_bBC
_cLIBRO
_d33724000661658
_eLIBRO
_fc.3
_i59534
_si
999 _c54410
_d54410